000 00333nam a2200133Ia 4500
008 240624s9999 xx 000 0 und d
041 _aeng
082 _a657 BAS
100 _aBASIOUDIS ILIAS G
245 _aFINANCIAL ACCOUNTING THE BASICS
260 _c2019
_aLondon
_bRoutledge
300 _ax, 390 p.; 17 cm.
365 _cBPS
_b31
999 _c31991
_d31991